000 00207nam a22000977a 4500
003 OSt
008 210112b ||||| |||| 00| 0 eng d
100 _aParappurath
_94341
245 _aPrakashadhara
942 _cBK
999 _c16409
_d16409